• 首页
  • 本馆介绍
  • 公告通知
  • 最新文献
  • 馆藏检索
  • 电子资源
  • 读者导购
  • 参考咨询
  • 我的图书馆
  • 登录
  • 详细信息显示
  • 放入我的书架
  • 预约/预借图书
  • 作者相关作品
  • 分类相关作品
  • 丛书相关作品
  • 出版社相关作品

书目信息

  • 表格格式
  • 工作单格式
  • 卡片格式
题名:
会展概论
    
 
作者: 过聚荣 主编
分册:  
出版信息: 北京   高等教育出版社  2010.3
页数: 290页
开本: 23cm
丛书名:
单 册:
中图分类: G245
科图分类:
主题词: 展览会--概论--教材 , 展览会
电子资源:
ISBN: 978-7-04-028009-8
000 00823nam0 2200253 45
001 515
005 20120531162244.39
010    @a978-7-04-028009-8@dCNY28.00
100    @a20120328d2010 em y0chiy0110 ea
101 0  @achi
102    @aCN@b110000
105    @ay z 000yy
106    @ar
200 1  @a会展概论@AHui Zhan Gai Lun@f过聚荣主编@FGuo Ju Rong Zhu Bian
210    @a北京@c高等教育出版社@d2010.3
215    @a290页@d23cm
300    @a会展专业核心课程教材
330    @a本书系统阐述了会展的定义、特征、分类、发展特点及趋势。内容包括:会展产业经济分析、会展产业链分析、中国会展经济运行环境分析、会展企业的微观管理等。
606 0  @a展览会@x概论@j教材
606 0  @a展览会
690    @aG245@v4
701  0 @a过聚荣@AGuo Ju Rong@f(1963~)@4主编
801  0 @aCN@bTSTCL@c20120328
905    @b0814028-34@dG245@e13@f7
    
    会展概论/过聚荣主编.-北京:高等教育出版社,2010.3
    290页;23cm
    会展专业核心课程教材
    
    ISBN 978-7-04-028009-8:CNY28.00
    本书系统阐述了会展的定义、特征、分类、发展特点及趋势。内容包括:会展产业经济分析、会展产业链分析、中国会展经济运行环境分析、会展企业的微观管理等。
●
相关链接 在E读中查询图书 在五车中查询图书 在当当中查询图书 在豆瓣中查询图书


正题名:会展概论     索取号:G245/13         预约/预借

序号 登录号 条形码 馆藏地/架位号 状态 备注
1 0814028   208140288   第一样本阅览室/ [索取号:G245/13] 在馆    
2 0814029   208140297   第四借阅区/ [索取号:G245/13] 在馆    
3 0814030   208140304   第四借阅区/ [索取号:G245/13] 在馆    
4 0814031   208140313   第四借阅区/ [索取号:G245/13] 在馆    
5 0814032   208140322   第四借阅区/ [索取号:G245/13] 在馆    
6 0814033   208140331   第四借阅区/ [索取号:G245/13] 在馆    
7 0814034   208140340   第四借阅区/ [索取号:G245/13] 在馆    
唐山师范学院图书馆 欢迎您!
大连网信软件有限公司© 版权所有